[Event "Portugal Open 2020"]
[Site "Lisboa POR"]
[Date "2020.01.25"]
[Round "1.1"]
[White "Atakay, Mustafa"]
[Black "Motylev, Alexander"]
[Result "0-1"]
[WhiteElo "1886"]
[BlackElo "2640"]
[WhiteFideId "2071274"]
[BlackFideId "4121830"]
[BlackTitle "GM"]
[WhiteCountry "USA"]
[BlackCountry "RUS"]
[PlyCount "64"]
[EventDate "2020.??.??"]

1. d4 Nf6 2. c4 e6 3. g3 Bb4+ 4. Bd2 Be7 5. Bg2 d5 6. Nf3 O-O 7. O-O Nbd7 8. Qc2
c6 9. Rd1 a5 10. b3 b6 11. Bf4 Ba6 12. Ne5 Nxe5 13. Bxe5 Rc8 14. Nd2 Ng4 15. Bf4
g5 16. Bf3 Nh6 17. Be3 f5 18. Nf1 Bd6 19. c5 bxc5 20. dxc5 Bc7 21. Bc1 Qf6 22.
Rb1 Qg6 23. b4 Rb8 24. bxa5 Rxb1 25. Qxb1 g4 26. Bg2 Bxe2 27. Re1 Ba6 28. Bd2
Nf7 29. Bc3 Ng5 30. Nd2 Qh5 31. Kh1 f4 32. Be5 f3 0-1

[Event "Portugal Open 2020"]
[Site "Lisboa POR"]
[Date "2020.01.25"]
[Round "1.23"]
[White "Elias, Benjamim"]
[Black "Goluch, Piotr"]
[Result "0-1"]
[WhiteElo "1807"]
[BlackElo "2413"]
[WhiteFideId "1903578"]
[BlackFideId "1137840"]
[BlackTitle "IM"]
[WhiteCountry "POR"]
[BlackCountry "POL"]
[PlyCount "94"]
[EventDate "2020.??.??"]

1. f4 d5 2. c3 c5 3. d3 Nf6 4. g3 Nc6 5. Nf3 g6 6. Bg2 Bg7 7. O-O O-O 8. Kh1 Re8
9. Be3 b6 10. Bg1 Bb7 11. Nbd2 Qc7 12. Re1 e5 13. fxe5 Nxe5 14. Rc1 Neg4 15. Nf1
Bh6 16. Rc2 Re6 17. e3 Rae8 18. Qc1 Nh5 19. Rce2 f5 20. h3 Ngf6 21. Bh2 Qe7 22.
Qc2 g5 23. Ng1 g4 24. b3 gxh3 25. Nxh3 Ng4 26. d4 Rf8 27. Bf3 Qf7 28. Bg1 Ree8
29. Bh2 Kh8 30. Qd3 c4 31. Qc2 cxb3 32. axb3 Ba6 33. Bxg4 fxg4 34. Rf2 Nf6 35.
Nf4 Ne4 36. Rg2 Qf5 37. Qa2 Bxf4 38. Qxa6 Bb8 39. Qa1 Nf2+ 40. Kg1 Nh3+ 41. Kh1
Ng5 42. Qb1 Ne4 43. Qc1 Qh5 44. Kg1 Re6 45. c4 Rh6 46. Qc2 Rhf6 47. cxd5 Ng5 0-1

[Event "Portugal Open 2020"]
[Site "Lisboa POR"]
[Date "2020.01.25"]
[Round "1.35"]
[White "Guerreiro, Paulo"]
[Black "Taboas Rodriguez, Daniel"]
[Result "0-1"]
[WhiteElo "1757"]
[BlackElo "2348"]
[WhiteFideId "1902105"]
[BlackFideId "2208466"]
[BlackTitle "FM"]
[WhiteCountry "POR"]
[BlackCountry "ESP"]
[PlyCount "54"]
[EventDate "2020.??.??"]

1. c4 Nf6 2. Nc3 g6 3. g3 Bg7 4. Bg2 O-O 5. d3 e5 6. e3 c6 7. Nf3 Re8 8. O-O d5
9. cxd5 cxd5 10. e4 d4 11. Nb1 Nc6 12. a3 Rf8 13. Nc3 Re8 14. Nb1 a5 15. Bg5 Qb6
16. Qc2 Be6 17. Nbd2 Rac8 18. Rac1 Nb4 19. Qb1 Rxc1 20. Rxc1 Ba2 21. Qa1 Nxd3
22. Bxf6 Bxf6 23. Rc2 Be6 24. Bf1 Nc5 25. Qc1 Nb3 26. Nxb3 Qxb3 27. Rc5 Qxf3 0-1

[Event "Portugal Open 2020"]
[Site "Lisboa POR"]
[Date "2020.01.25"]
[Round "1.39"]
[White "Dias, António"]
[Black "Napoli, Nicolo"]
[Result "0-1"]
[WhiteElo "1732"]
[BlackElo "2333"]
[WhiteFideId "1928040"]
[BlackFideId "813702"]
[BlackTitle "FM"]
[WhiteCountry "POR"]
[BlackCountry "ITA"]
[PlyCount "70"]
[EventDate "2020.??.??"]

1. d4 Nf6 2. Nc3 e6 3. Bg5 h6 4. Bh4 Bb4 5. f3 c5 6. e3 Qa5 7. Nge2 Nd5 8. Qd2
cxd4 9. exd4 Nc6 10. Bf2 b6 11. a3 Ba6 12. Rd1 Bxc3 13. Nxc3 Nxc3 14. Qxc3 Qxc3+
15. bxc3 Bxf1 16. Rxf1 d5 17. Bg3 Na5 18. Ke2 Rc8 19. Kd3 Nc4 20. Rb1 Kd7 21.
Rb3 Rc6 22. Rfb1 g5 23. f4 Na5 24. Rb4 Rhc8 25. Be1 gxf4 26. Bd2 f6 27. Re1 h5
28. Rbb1 Ke7 29. Re2 Kf7 30. Rf2 e5 31. dxe5 fxe5 32. g3 e4+ 33. Kd4 Rc4+ 34.
Ke5 Re8+ 35. Kxd5 Rc5+ 0-1

[Event "Portugal Open 2020"]
[Site "Lisboa POR"]
[Date "2020.01.25"]
[Round "1.43"]
[White "García Ortega, Manuel"]
[Black "Risting, Eivind Olav"]
[Result "0-1"]
[WhiteElo "1705"]
[BlackElo "2306"]
[WhiteFideId "2227533"]
[BlackFideId "1517333"]
[BlackTitle "FM"]
[WhiteCountry "ESP"]
[BlackCountry "NOR"]
[PlyCount "60"]
[EventDate "2020.??.??"]

1. Nf3 c5 2. c4 Nc6 3. Nc3 g6 4. g3 Bg7 5. Bg2 e6 6. O-O Nge7 7. d3 O-O 8. Rb1
d5 9. cxd5 exd5 10. Qb3 b6 11. Bg5 h6 12. Bf4 Be6 13. Qa4 a6 14. a3 b5 15. Qc2
Rc8 16. Nxb5 axb5 17. Qxc5 Nd4 18. Qd6 Nxe2+ 19. Kh1 Nxf4 20. Qxf4 Qb6 21. h4
Rc2 22. Ne1 Rxb2 23. Rxb2 Bxb2 24. Qxh6 Nf5 25. Qd2 Bxa3 26. h5 Be7 27. g4 Nh4
28. Qh6 Qd4 29. hxg6 fxg6 30. Nf3 Qxg4 0-1

[Event "Portugal Open 2020"]
[Site "Lisboa POR"]
[Date "2020.01.25"]
[Round "1.44"]
[White "Chkhaidze, Nikoloz"]
[Black "Alves, Fernando"]
[Result "1-0"]
[WhiteElo "2288"]
[BlackElo "1702"]
[WhiteFideId "13601750"]
[BlackFideId "1905678"]
[WhiteTitle "FM"]
[WhiteCountry "GEO"]
[BlackCountry "POR"]
[PlyCount "67"]
[EventDate "2020.??.??"]

1. c4 Nf6 2. d4 c5 3. d5 b5 4. Nf3 d6 5. e4 g6 6. cxb5 a6 7. Nc3 Bg7 8. bxa6 O-O
9. Bd3 Nxa6 10. O-O Ng4 11. h3 Ne5 12. Nxe5 Bxe5 13. Bh6 Re8 14. Qe2 Qb6 15. Bb5
Rd8 16. Bg5 f6 17. Be3 Nc7 18. a4 Bd7 19. Bc4 Rdb8 20. Bc1 Qa5 21. Ra3 Ra7 22.
f4 Bd4+ 23. Kh1 Rb4 24. e5 Rb8 25. Ne4 Ne8 26. e6 Bc8 27. f5 Ba6 28. fxg6 hxg6
29. Rg3 Ng7 30. Rxg6 Bxc4 31. Rxg7+ Kxg7 32. Qg4+ Kh7 33. Qh5+ Kg8 34. Bh6 1-0

[Event "Portugal Open 2020"]
[Site "Lisboa POR"]
[Date "2020.01.25"]
[Round "1.45"]
[White "Asvestopoulou, Evdokia"]
[Black "Grabuzova, Tatiana"]
[Result "0-1"]
[WhiteElo "1688"]
[BlackElo "2284"]
[WhiteFideId "4219198"]
[BlackFideId "4108752"]
[BlackTitle "WGM"]
[WhiteCountry "GRE"]
[BlackCountry "RUS"]
[PlyCount "108"]
[EventDate "2020.??.??"]

1. d4 e6 2. c4 f5 3. Nf3 Nf6 4. Nc3 Bb4 5. g3 Ne4 6. Bd2 Bxc3 7. Bxc3 Nxc3 8.
bxc3 b6 9. Bg2 Bb7 10. O-O O-O 11. Qb3 Nc6 12. c5 Na5 13. Qb4 Bd5 14. cxb6 cxb6
15. Ne5 Bxg2 16. Kxg2 d6 17. Nc4 Nxc4 18. Qxc4 Qd7 19. Rfc1 Rfc8 20. Qb3 Qc6+
21. f3 Qc4 22. Kf2 Rc7 23. Qxc4 Rxc4 24. Ke3 Rac8 25. Kd2 e5 26. e3 g5 27. f4
gxf4 28. gxf4 exf4 29. exf4 Kf7 30. Rab1 Ra4 31. Rc2 Rg8 32. Ke3 Re8+ 33. Kf3
Re4 34. Rbb2 Rc4 35. a3 Kf6 36. Ra2 b5 37. Rab2 a6 38. Ra2 Ke6 39. Rab2 Kd5 40.
Ra2 Kc6 41. Rab2 Kb6 42. Ra2 Ka5 43. Rab2 Ka4 44. Ra2 Rc6 45. Rab2 Kxa3 46. d5
Rxc3+ 47. Rxc3+ Kxb2 48. Rc6 a5 49. Rxd6 a4 50. Rd8 b4 51. d6 a3 52. d7 a2 53.
Ra8 Rd4 54. Ra4 a1=Q 0-1

[Event "Portugal Open 2020"]
[Site "Lisboa POR"]
[Date "2020.01.25"]
[Round "1.46"]
[White "Fidalgo, André"]
[Black "Alves, Luís"]
[Result "1-0"]
[WhiteElo "2282"]
[BlackElo "1686"]
[WhiteFideId "1933620"]
[BlackFideId "1903110"]
[WhiteTitle "NM"]
[WhiteCountry "POR"]
[BlackCountry "POR"]
[PlyCount "79"]
[EventDate "2020.01.25"]

1. d4 Nf6 2. Nf3 g6 3. g3 Bg7 4. Bg2 O-O 5. c4 c5 6. d5 d6 7. O-O Nbd7 8. Nc3
Nb6 9. Nd2 Bd7 10. e4 Qc8 11. a4 Bh3 12. a5 Bxg2 13. Kxg2 Nbd7 14. f4 a6 15. Qe2
Qc7 16. Nf3 b6 17. axb6 Nxb6 18. e5 dxe5 19. fxe5 Ng4 20. Bf4 e6 21. d6 Qc6 22.
h3 g5 23. hxg4 gxf4 24. gxf4 f6 25. Ne4 Nd7 26. exf6 Nxf6 27. Neg5 Rfe8 28. Rad1
h6 29. Nxe6 Nd7 30. f5 Rab8 31. Rd2 Bf6 32. Kg1 Rb3 33. Qg2 Rxf3 34. Qxf3 Qa4
35. Qd5 Kh7 36. g5 Rg8 37. g6+ Kh8 38. Rh2 Bg7 39. Nxg7 Kxg7 40. Qf7+ 1-0

[Event "Portugal Open 2020"]
[Site "Lisboa POR"]
[Date "2020.01.25"]
[Round "1.47"]
[White "Counhago, Edgar"]
[Black "Baba, Masahiro"]
[Result "1-0"]
[WhiteElo "1682"]
[BlackElo "2274"]
[WhiteFideId "1964275"]
[BlackFideId "7000766"]
[BlackTitle "FM"]
[WhiteCountry "POR"]
[BlackCountry "JPN"]
[PlyCount "71"]
[EventDate "2020.01.25"]

1. d4 Nf6 2. c4 g6 3. Nc3 d5 4. Nf3 Bg7 5. g3 O-O 6. Bg2 dxc4 7. Ne5 c6 8. Nxc4
Be6 9. Ne5 Nbd7 10. Nf3 Nb6 11. O-O a5 12. a4 h6 13. h3 Nc4 14. Re1 Qb6 15. Rb1
Nd5 16. Nxd5 cxd5 17. b3 Nd6 18. Ba3 Ne4 19. Rc1 Rfc8 20. Qd3 Bf6 21. e3 h5 22.
Ne5 Bf5 23. g4 hxg4 24. hxg4 Be6 25. Bxe4 dxe4 26. Qxe4 Qxb3 27. Bc5 b6 28. Rb1
Qxa4 29. Rxb6 Qa2 30. Nxg6 Kg7 31. Nxe7 Rxc5 32. Qxa8 Bxe7 33. dxc5 Qd2 34. Reb1
Bd5 35. Qb8 Bxc5 36. Qe5+ 1-0

[Event "Portugal Open 2020"]
[Site "Lisboa POR"]
[Date "2020.01.25"]
[Round "1.48"]
[White "Gahan, M G"]
[Black "Barros, Arlindo"]
[Result "1-0"]
[WhiteElo "2245"]
[BlackElo "1671"]
[WhiteFideId "5027373"]
[BlackFideId "23600640"]
[WhiteTitle "FM"]
[WhiteCountry "IND"]
[BlackCountry "CPV"]
[PlyCount "55"]
[EventDate "2020.01.25"]

1. e4 c5 2. c3 d5 3. exd5 Qxd5 4. d4 Nc6 5. Nf3 Bg4 6. dxc5 Qxd1+ 7. Kxd1 e5 8.
b4 e4 9. h3 O-O-O+ 10. Kc2 Bd7 11. Ng5 Nh6 12. Nxe4 Bf5 13. f3 Be7 14. Bxh6 gxh6
15. Nbd2 Bf6 16. a3 Bg5 17. Nc4 Bf4 18. Bd3 Rhe8 19. Ned6+ Bxd6 20. Bxf5+ Kb8
21. Nxd6 Re2+ 22. Kb3 Rxg2 23. Rad1 Ne5 24. Be4 Re2 25. Nxb7 Rxd1 26. Rxd1 Rxe4
27. fxe4 Kxb7 28. Rd5 1-0

[Event "Portugal Open 2020"]
[Site "Lisboa POR"]
[Date "2020.01.25"]
[Round "1.49"]
[White "Almeida, Ângelo"]
[Black "Corbalán Gómez, Juan José"]
[Result "0-1"]
[WhiteElo "1669"]
[BlackElo "2243"]
[WhiteFideId "1910329"]
[BlackFideId "2260492"]
[WhiteCountry "POR"]
[BlackCountry "ESP"]
[PlyCount "66"]
[EventDate "2020.01.25"]

1. d4 Nf6 2. Nf3 e6 3. Bg5 c5 4. e3 b6 5. Bd3 Bb7 6. Nbd2 Be7 7. O-O O-O 8. c3
d6 9. Re1 Nd5 10. Bxe7 Qxe7 11. e4 Nf4 12. Bb1 e5 13. a4 cxd4 14. cxd4 Nc6 15.
g3 Nh3+ 16. Kg2 Ng5 17. d5 Nxf3 18. Nxf3 Nb4 19. a5 Qc7 20. Ra3 bxa5 21. Ree3
Qb6 22. Qa4 Rfc8 23. Rac3 Rxc3 24. Rxc3 Na6 25. Rb3 Qc7 26. Rc3 Nc5 27. b4 axb4
28. Qxb4 a5 29. Qb5 Rc8 30. Ra3 Ra8 31. Rc3 f6 32. Nd2 Ba6 33. Qb6 Qxb6 0-1

[Event "Portugal Open 2020"]
[Site "Lisboa POR"]
[Date "2020.01.25"]
[Round "1.50"]
[White "Balbuena Fuentes, Mario"]
[Black "Martins, José Carlos"]
[Result "1-0"]
[WhiteElo "2234"]
[BlackElo "1667"]
[WhiteFideId "32017880"]
[BlackFideId "1946005"]
[WhiteTitle "FM"]
[WhiteCountry "ESP"]
[BlackCountry "POR"]
[PlyCount "91"]
[EventDate "2020.01.25"]

1. e4 c5 2. Nf3 g6 3. d4 cxd4 4. Nxd4 Bg7 5. Nc3 Nc6 6. Nb3 d6 7. Be2 Nf6 8. O-O
O-O 9. Re1 Be6 10. Bf1 Rc8 11. Nd5 Nd7 12. c3 Nb6 13. Bg5 Re8 14. a4 Ne5 15. a5
Nbc4 16. Qc2 Bxd5 17. exd5 Qd7 18. h3 Qf5 19. Qxf5 gxf5 20. Bc1 f4 21. Nd4 Rc5
22. Nf5 Rxd5 23. Nxg7 Kxg7 24. Ra4 Rxa5 25. Rxc4 Nxc4 26. Bxc4 Ra1 27. Kf1 Rc8
28. Bd5 Rc5 29. Bxb7 Re5 30. Rd1 Rb5 31. Bf3 a5 32. Ke2 a4 33. Kd3 f5 34. Kc2 a3
35. bxa3 Ra2+ 36. Kd3 Rxf2 37. a4 Ra5 38. Bc6 e5 39. Bb5 Rxg2 40. Kc4 f3 41. Be3
f2 42. Rf1 Ra8 43. Rxf2 Rxf2 44. Bxf2 Kf6 45. Kd5 e4 46. Be3 1-0

[Event "Portugal Open 2020"]
[Site "Lisboa POR"]
[Date "2020.01.25"]
[Round "1.51"]
[White "Miranda, Raúl"]
[Black "Hill, Alistair"]
[Result "0-1"]
[WhiteElo "1662"]
[BlackElo "2217"]
[WhiteFideId "1960660"]
[BlackFideId "432407"]
[WhiteCountry "POR"]
[BlackCountry "ENG"]
[PlyCount "56"]
[EventDate "2020.01.25"]

1. e4 e6 2. d4 d5 3. exd5 exd5 4. Bd3 Bd6 5. Ne2 Nc6 6. c3 Nf6 7. Bf4 O-O 8. O-O
Ne7 9. Nd2 Ng6 10. Bxd6 Qxd6 11. Ng3 Nf4 12. Nf3 Bg4 13. h3 Bxf3 14. Qxf3 g6 15.
Rfe1 Rfe8 16. Rad1 a5 17. Bc2 Kg7 18. Nf1 c6 19. Re3 Rxe3 20. Nxe3 Re8 21. Kf1
Ne4 22. Bxe4 Rxe4 23. Qg3 Qe6 24. Qg4 f5 25. Qg3 Qf7 26. f3 Nh5 27. Qf2 Re6 28.
c4 f4 0-1

[Event "Portugal Open 2020"]
[Site "Lisboa POR"]
[Date "2020.01.25"]
[Round "1.52"]
[White "Rodriguez Lopez, Rafael"]
[Black "Pena Barbeito, Rodrigo"]
[Result "1-0"]
[WhiteElo "2212"]
[BlackElo "1658"]
[WhiteFideId "2204495"]
[BlackFideId "22228055"]
[WhiteTitle "IM"]
[WhiteCountry "ESP"]
[BlackCountry "ESP"]
[PlyCount "111"]
[EventDate "2020.01.25"]

1. e4 c5 2. Nf3 Nc6 3. d4 cxd4 4. Nxd4 e5 5. Nb5 d6 6. c4 a6 7. N5c3 f5 8. exf5
Bxf5 9. Bd3 Be6 10. O-O Nf6 11. Nd2 Be7 12. Nde4 Nxe4 13. Nxe4 Bf7 14. Be3 O-O
15. b3 Nb4 16. Be2 d5 17. cxd5 Nxd5 18. Bd2 Nf4 19. Bf3 Bg6 20. Be3 Ne6 21. Ng3
Nd4 22. Bxb7 Ra7 23. Be4 Rd7 24. Bxg6 hxg6 25. Qg4 Rf6 26. Kh1 Nf5 27. Qc4+ Kh7
28. Ne4 Rb6 29. Bxb6 Qxb6 30. Rfd1 Nd4 31. Rd3 g5 32. Rh3+ Kg6 33. Qg8 Bf6 34.
Qe8+ Rf7 35. Rd1 Be7 36. Rg3 Qb5 37. Qxb5 axb5 38. Rc3 Rf4 39. f3 g4 40. Rf1
gxf3 41. gxf3 Kh6 42. Kg2 g5 43. Nf2 Bd6 44. Ng4+ Kg6 45. h3 Rf8 46. Re3 Kf5 47.
Re4 Ne6 48. Rd1 Bb8 49. Rd5 Nf4+ 50. Rxf4+ gxf4 51. Rxb5 Rd8 52. Kf1 Rh8 53. a4
Bc7 54. Nf2 Rd8 55. Ke2 Kg5 56. a5 1-0

[Event "Portugal Open 2020"]
[Site "Lisboa POR"]
[Date "2020.01.25"]
[Round "1.53"]
[White "Dong, Rafael"]
[Black "Santos, José Gulherme"]
[Result "0-1"]
[WhiteElo "1656"]
[BlackElo "2211"]
[WhiteFideId "1958038"]
[BlackFideId "1939300"]
[BlackTitle "NM"]
[WhiteCountry "POR"]
[BlackCountry "POR"]
[PlyCount "68"]
[EventDate "2020.01.25"]

1. c4 c5 2. Nc3 Nc6 3. g3 Nf6 4. Bg2 e6 5. Nf3 Be7 6. O-O O-O 7. d4 cxd4 8. Nxd4
a6 9. e4 Qc7 10. Be3 Nxd4 11. Qxd4 Ng4 12. Qb6 Qxc4 13. Rac1 Nxe3 14. Qxe3 Qb4
15. b3 Bc5 16. Qe2 d6 17. Na4 Ba7 18. Rc4 Qa5 19. Rc2 b5 20. Nc3 Bb7 21. Rd1
Rfd8 22. Kh1 Rac8 23. Rdc1 Bc5 24. Rd1 Qb6 25. f4 Bb4 26. Rdc1 Qd4 27. Rd1 Qb6
28. Rdc1 Ba3 29. Re1 Qc5 30. Qe3 Qxe3 31. Rxe3 b4 32. Kg1 bxc3 33. Rexc3 Rxc3
34. Rxc3 Rc8 0-1

[Event "Portugal Open 2020"]
[Site "Lisboa POR"]
[Date "2020.01.25"]
[Round "1.54"]
[White "Rego, Pedro"]
[Black "Garcia Salvador, Carlos"]
[Result "1-0"]
[WhiteElo "2208"]
[BlackElo "1650"]
[WhiteFideId "1904310"]
[BlackFideId "54555310"]
[WhiteTitle "FM"]
[WhiteCountry "POR"]
[BlackCountry "ESP"]
[PlyCount "77"]
[EventDate "2020.01.25"]

1. e4 c5 2. Nf3 Nc6 3. d4 cxd4 4. Nxd4 Nf6 5. Nc3 e6 6. Ndb5 d6 7. Bf4 Ne5 8.
Qd2 a6 9. O-O-O axb5 10. Bxe5 Qb6 11. Bxb5+ Bd7 12. Bxd7+ Nxd7 13. Bxd6 Bxd6 14.
Qxd6 Qxd6 15. Rxd6 Ke7 16. Rhd1 Rhd8 17. f3 g5 18. b3 h5 19. Kb2 f6 20. Nb5 Rac8
21. a4 Nc5 22. Rxd8 Rxd8 23. Rxd8 Kxd8 24. Kc3 Kd7 25. Kc4 Kc6 26. Na7+ Kd6 27.
Nc8+ Kc6 28. Na7+ Kd6 29. a5 g4 30. Nb5+ Kc6 31. Nd4+ Kd6 32. b4 Nd7 33. f4 e5
34. Nb5+ Kc6 35. f5 h4 36. Nc3 g3 37. hxg3 hxg3 38. b5+ Kd6 39. Na4 1-0

[Event "Portugal Open 2020"]
[Site "Lisboa POR"]
[Date "2020.01.25"]
[Round "1.55"]
[White "Gonçalves, Carlos"]
[Black "Poysti, Nathanael"]
[Result "0-1"]
[WhiteElo "1638"]
[BlackElo "2203"]
[WhiteFideId "1912879"]
[BlackFideId "24622133"]
[WhiteCountry "POR"]
[BlackCountry "GER"]
[PlyCount "86"]
[EventDate "2020.01.25"]

1. Nf3 c5 2. g3 Nc6 3. Bg2 g6 4. O-O Bg7 5. c4 d6 6. Nc3 e6 7. a3 Nge7 8. d3 O-O
9. Bg5 h6 10. Bf4 e5 11. Bd2 Be6 12. Qc1 Kh7 13. Nd5 Qd7 14. Bxh6 Bxd5 15. Bxg7
Kxg7 16. cxd5 Nxd5 17. Ng5 Nd4 18. Qd1 Ne7 19. e3 Ne6 20. Ne4 d5 21. Nd2 Rac8
22. Rc1 b6 23. Nf3 Qd6 24. h4 Rc7 25. Qd2 Rd8 26. d4 e4 27. dxc5 bxc5 28. Nh2 f5
29. Rfd1 d4 30. Rc4 Nc6 31. exd4 Ne5 32. Rc3 Nxd4 33. Kh1 Nd3 34. Rxd3 exd3 35.
Qxd3 Nb5 36. Qxd6 Rxd6 37. Rc1 Rd2 38. a4 Nd4 39. b4 c4 40. Bd5 c3 41. Kg2 c2
42. Nf3 Rd1 43. Nxd4 Rxc1 0-1

[Event "Portugal Open 2020"]
[Site "Lisboa POR"]
[Date "2020.01.25"]
[Round "1.56"]
[White "Jaracz, Barbara"]
[Black "Azinheira, André"]
[Result "1-0"]
[WhiteElo "2200"]
[BlackElo "1634"]
[WhiteFideId "1107453"]
[BlackFideId "1931920"]
[WhiteTitle "WGM"]
[WhiteCountry "POL"]
[BlackCountry "POR"]
[PlyCount "87"]
[EventDate "2020.01.25"]

1. e4 c5 2. Nf3 g6 3. d4 cxd4 4. Nxd4 Nc6 5. Nc3 Bg7 6. Be3 Nf6 7. f3 O-O 8. Qd2
d5 9. Nxc6 bxc6 10. e5 Nd7 11. f4 Qa5 12. a3 Rb8 13. Ra2 Qc7 14. Be2 f6 15. e6
Nb6 16. f5 Qd8 17. g4 Bb7 18. O-O Rc8 19. b4 Ra8 20. Bd4 Qc7 21. Bd3 g5 22. Qf2
Nc8 23. Na4 Nd6 24. Bxa7 Ba6 25. Bb6 Qc8 26. Nc3 Bc4 27. Bxc4 Nxc4 28. a4 Qb7
29. Bc5 Rfb8 30. a5 Bf8 31. Rfa1 Qa6 32. Qd4 Ne5 33. Kf2 Qc4 34. Qxc4 Nxc4 35.
a6 Nd6 36. a7 Rb7 37. Ra6 Nb5 38. Nxb5 cxb5 39. Ke3 h5 40. h3 Rc7 41. Kd4 Rcc8
42. Rb6 Rd8 43. Rxb5 Kg7 44. Rb7 1-0

[Event "Portugal Open 2020"]
[Site "Lisboa POR"]
[Date "2020.01.25"]
[Round "1.57"]
[White "Dong, Fábio"]
[Black "Palozza, Christian"]
[Result "0-1"]
[WhiteElo "1623"]
[BlackElo "2198"]
[WhiteFideId "1958020"]
[BlackFideId "895580"]
[BlackTitle "FM"]
[WhiteCountry "POR"]
[BlackCountry "ITA"]
[PlyCount "44"]
[EventDate "2020.01.25"]

1. c4 e6 2. Nc3 Nf6 3. e4 d5 4. cxd5 exd5 5. e5 Ne4 6. Nf3 Bf5 7. d3 Nxc3 8.
bxc3 c5 9. d4 Qa5 10. Bd2 Nc6 11. Be2 Be7 12. O-O O-O 13. Qb3 c4 14. Qxb7 Rab8
15. Qxc6 Rfc8 16. Qxc8+ Rxc8 17. Rfc1 Rb8 18. h3 h6 19. Ne1 Ba3 20. Rd1 Bb2 21.
Bf3 Bxa1 22. Rxa1 Rb2 0-1

[Event "Portugal Open 2020"]
[Site "Lisboa POR"]
[Date "2020.01.25"]
[Round "1.58"]
[White "Pourquet, Matthieu"]
[Black "Barros, Luís"]
[Result "1-0"]
[WhiteElo "2198"]
[BlackElo "1619"]
[WhiteFideId "20654642"]
[BlackFideId "23600110"]
[WhiteCountry "FRA"]
[BlackCountry "CPV"]
[PlyCount "91"]
[EventDate "2020.01.25"]

1. Nf3 Nf6 2. c4 g6 3. g3 Bg7 4. Bg2 e6 5. O-O O-O 6. d4 d5 7. Qc2 Nc6 8. Rd1
Re8 9. Bf4 Ne4 10. Nc3 a6 11. Nxe4 dxe4 12. Qxe4 Bd7 13. Rac1 Rc8 14. h4 f5 15.
Qd3 Qe7 16. a3 Red8 17. Qe3 Be8 18. Ne5 Nxe5 19. Bxe5 Bxe5 20. Qxe5 c6 21. e4
Qf7 22. h5 g5 23. d5 cxd5 24. cxd5 exd5 25. Rxc8 Rxc8 26. exf5 Qxh5 27. Bxd5+
Bf7 28. Bxf7+ Qxf7 29. f6 h6 30. Qf5 Re8 31. Rd7 Re5 32. Rd8+ Re8 33. Rd7 Re5
34. Rd8+ Re8 35. Rd1 Re6 36. Qc2 Qe8 37. Qc7 Re1+ 38. Rxe1 Qxe1+ 39. Kg2 Qe4+
40. Kh2 Qg6 41. Qc8+ Kf7 42. Qxb7+ Kf8 43. Qxa6 g4 44. Qc8+ Kf7 45. Qd7+ Kg8 46.
Qg7+ 1-0

[Event "Portugal Open 2020"]
[Site "Lisboa POR"]
[Date "2020.01.25"]
[Round "1.59"]
[White "Rocha, Pedro Daniel"]
[Black "Hulshof, Peter"]
[Result "0-1"]
[WhiteElo "1615"]
[BlackElo "2192"]
[WhiteFideId "1943278"]
[BlackFideId "1003291"]
[WhiteCountry "POR"]
[BlackCountry "NED"]
[PlyCount "40"]
[EventDate "2020.01.25"]

1. d4 g6 2. Nc3 Bg7 3. e4 c6 4. Bf4 d5 5. f3 dxe4 6. fxe4 Qxd4 7. Qxd4 Bxd4 8.
Nge2 Bg7 9. O-O-O Nf6 10. h3 Nbd7 11. g3 O-O 12. Bg2 Nb6 13. Be3 Nfd7 14. Nf4
Nc4 15. Bf2 b5 16. Nd3 Nde5 17. Nc5 Bh6+ 18. Kb1 Ne3 19. Bxe3 Bxe3 20. b3 Bxc5
0-1

[Event "Portugal Open 2020"]
[Site "Lisboa POR"]
[Date "2020.01.25"]
[Round "1.60"]
[White "Reis, Luís Sousa"]
[Black "Dias, José"]
[Result "1-0"]
[WhiteElo "2187"]
[BlackElo "1593"]
[WhiteFideId "1900609"]
[BlackFideId "1923943"]
[WhiteTitle "NM"]
[WhiteCountry "POR"]
[BlackCountry "POR"]
[PlyCount "33"]
[EventDate "2020.01.25"]

1. d4 Nf6 2. c4 e5 3. dxe5 Ng4 4. e4 Nxe5 5. f4 Ng6 6. Be3 Bb4+ 7. Nd2 O-O 8. a3
Bxd2+ 9. Qxd2 d6 10. O-O-O Qe8 11. f5 Ne5 12. f6 Qa4 13. Bh6 Nbd7 14. Bxg7 Re8
15. Nf3 Ng6 16. Qh6 Nc5 17. Ng5 1-0

[Event "Portugal Open 2020"]
[Site "Lisboa POR"]
[Date "2020.01.25"]
[Round "1.61"]
[White "Sakthivel, Heamish Kanha"]
[Black "Krzywda, Andrzej"]
[Result "1/2-1/2"]
[WhiteElo "1584"]
[BlackElo "2178"]
[WhiteFideId "25644890"]
[BlackFideId "1114565"]
[WhiteTitle " "]
[BlackTitle "CM"]
[WhiteCountry "IND"]
[BlackCountry "POL"]
[PlyCount "137"]
[EventDate "2020.01.25"]

1. e4 c6 2. d4 d5 3. Nc3 dxe4 4. Nxe4 Bf5 5. Ng3 Bg6 6. h4 h6 7. Nf3 Nd7 8. h5
Bh7 9. Bd3 Bxd3 10. Qxd3 e6 11. Bd2 Ngf6 12. O-O-O a5 13. Ne4 Nxe4 14. Qxe4 Nf6
15. Qe2 Qd5 16. c4 Qe4 17. Rde1 Qxe2 18. Rxe2 a4 19. Ne5 a3 20. b3 Be7 21. g4
Rd8 22. Bc3 O-O 23. f4 Rfe8 24. Kc2 Nd7 25. Nxd7 Rxd7 26. Rg2 Bf6 27. Rd1 Red8
28. Ba5 Ra8 29. Bc3 Rad8 30. Ba5 Rc8 31. Bc3 b5 32. g5 hxg5 33. fxg5 Be7 34. h6
Bf8 35. hxg7 Bxg7 36. c5 Rcd8 37. Ba5 Ra8 38. Bc3 Rad8 39. Ba5 Re8 40. Rg4 Rd5
41. b4 Re7 42. Kb3 e5 43. Re4 Red7 44. Kxa3 exd4 45. Rd3 Rxg5 46. Re8+ Kh7 47.
Rc8 Re7 48. Kb3 Re3 49. Rxe3 dxe3 50. Re8 Rg3 51. Bc7 Rf3 52. Kc2 f5 53. Kd3 Bh6
54. Re7+ Kg6 55. Re6+ Kh5 56. Rxc6 Rf2 57. Re6 Rd2+ 58. Kc3 Rxa2 59. c6 e2 60.
Kd3 Rd2+ 61. Kc3 Bg5 62. Bg3 Rd8 63. Rxe2 f4 64. Bf2 Rd6 65. Re5 Rxc6+ 66. Rc5
Re6 67. Rxb5 Kg4 68. Kd3 Kf3 69. Bc5 1/2-1/2

[Event "Portugal Open 2020"]
[Site "Lisboa POR"]
[Date "2020.01.25"]
[Round "1.62"]
[White "Cambando, José"]
[Black "Oliveira, Fernando Alves"]
[Result "1-0"]
[WhiteElo "2166"]
[BlackElo "1574"]
[WhiteFideId "10100563"]
[BlackFideId "1947869"]
[WhiteTitle "CM"]
[WhiteCountry "ANG"]
[BlackCountry "POR"]
[PlyCount "107"]
[EventDate "2020.01.25"]

1. e4 Nc6 2. c4 Nd4 3. Nf3 Nxf3+ 4. Qxf3 e5 5. Be2 Nf6 6. Nc3 d6 7. h3 Be7 8. d3
O-O 9. g4 Ne8 10. h4 c6 11. Be3 Be6 12. Qg3 d5 13. cxd5 cxd5 14. exd5 Bxd5 15.
Nxd5 Qxd5 16. Qf3 Bb4+ 17. Kf1 Qd7 18. Qe4 Bd6 19. g5 f5 20. Qd5+ Kh8 21. Bf3 f4
22. Bd2 Rb8 23. Bc3 Nc7 24. Qe4 Nb5 25. Kg2 Nxc3 26. bxc3 Qc7 27. Rac1 Qa5 28.
Rc2 Rfc8 29. Rhc1 Ba3 30. Rb1 b6 31. c4 Qa4 32. Re2 Qd7 33. Rb5 Bc5 34. Qd5 Qxd5
35. Bxd5 Bd4 36. Kf3 a6 37. Rb3 Rc5 38. Ra3 a5 39. Re1 Rcc8 40. Rb3 Rd8 41. h5
b5 42. Reb1 b4 43. a3 Bc3 44. axb4 axb4 45. Ke4 Rf8 46. f3 g6 47. h6 Rbd8 48.
Rxb4 Rxd5 49. cxd5 Bxb4 50. Rxb4 Kg8 51. Rb7 Re8 52. Rg7+ Kh8 53. d6 Re6 54. Re7
1-0